000 00519nam a2200229Ia 4500
003 OSt
005 20220912152952.0
006 a|||||r|||| 00| 0
007 ta
008 220909b |||||||| |||| 00| 0 eng d
024 _a27497
037 _cTextual
040 _aCSL
_beng
_cCSL
041 _aeng
082 _aC53:55, G7
100 _aLaue MaxVon
245 0 _aLaw diagrams
260 _c1937
300 _ap.
_ccm.
942 _hC53:55, G7
_cTEXL
_2CC
999 _c95207
_d95207